000 00566cam a2200181 4500
001 1223
005 20250501162413.0
008 070427r20072005nyua b 001 0 eng
010 _a 2007274260
020 _a9786043455014
082 _a361.6 THO
100 1 _aTho, Ha Vinh.
245 1 0 _aHappy organizations :
_bembracing Gross National Happiness for transformative business leadership.
260 _aVietnam :
_bThai Ha Books JSC,
_c2024..
300 _a317 p. :
_bill. ;
_c25 cm.
504 _aIncludes bibliographical references and index.
942 _2ddc
_cMAIN
999 _c10229
_d10230